Dynamic Programming : (Record no. 188679)

000 -LEADER
fixed length control field 01133 a2200229 4500
003 - CONTROL NUMBER IDENTIFIER
control field Nust
005 - DATE AND TIME OF LATEST TRANSACTION
control field 20220801130923.0
010 ## - LIBRARY OF CONGRESS CONTROL NUMBER
LC control number 92139191
020 ## - INTERNATIONAL STANDARD BOOK NUMBER
International Standard Book Number 013221797X (library edn.)
020 ## - INTERNATIONAL STANDARD BOOK NUMBER
International Standard Book Number 0132218054 (student edn.)
040 ## - CATALOGING SOURCE
Transcribing agency Nust
082 ## - DEWEY DECIMAL CLASSIFICATION NUMBER
Classification number 519.703,SMI
100 1# - MAIN ENTRY--PERSONAL NAME
Personal name Smith, David K.
9 (RLIN) 67024
245 10 - TITLE STATEMENT
Title Dynamic Programming :
Remainder of title a Practical Introduction /
Statement of responsibility, etc. David K. Smith.
260 ## - PUBLICATION, DISTRIBUTION, ETC.
Place of publication, distribution, etc. New York :
Name of publisher, distributor, etc. E. Horwood,
Date of publication, distribution, etc. 1991.
300 ## - PHYSICAL DESCRIPTION
Extent 160 p. :
Other physical details ill. ;
Dimensions 25 cm.
490 1# - SERIES STATEMENT
Series statement Mathematics and its applications. Statistics, operational research, and computational mathematics section
505 ## - FORMATTED CONTENTS NOTE
Formatted contents note What is Dynamic Programming? (Page-11), Simple Recursive Problems (Page-19), Knapsack Problems (Page-37), Deterministic Production and Inventory Models (Page-55), Optimisation of Functions (Page-730, Randomness in Dynamic Programming (Page-89), Further Stochastic Models (Page-109), Some Further Stochastic Models (Page-124), Dynamic Programming for Fun (Page-140),
650 #0 - SUBJECT ADDED ENTRY--TOPICAL TERM
Topical term or geographic name entry element Dynamic programming.
9 (RLIN) 1926
830 #0 - SERIES ADDED ENTRY--UNIFORM TITLE
Uniform title Mathematics and its applications (Chichester, England : 1988).
9 (RLIN) 96054
942 ## - ADDED ENTRY ELEMENTS (KOHA)
Koha item type Reference
Source of classification or shelving scheme
Holdings
Withdrawn status Lost status Source of classification or shelving scheme Damaged status Not for loan Permanent Location Current Location Shelving location Date acquired Full call number Barcode Date last seen Price effective from Koha item type Public note
          Military College of Signals (MCS) Military College of Signals (MCS) Reference 12/12/2016 519.703,SMI MCS680 12/08/2016 12/12/2016 Reference Almirah No.19, Shelf No.5
© 2023 Central Library, National University of Sciences and Technology. All Rights Reserved.